000 00310nam a2200109Ia 4500
008 171211s9999 xx 000 0 und d
245 _aPocket Power Soft Skills: Perfekt sprechen
245 _cHelmut Wagner
260 _c2007
650 _xLANGUAGES
856 _uhttp://down.ebook777.com/025/978-3446409880.pdf
999 _c349735
_d349735